| 000 | 00575nam a2200181Ia 4500 | ||
|---|---|---|---|
| 003 | GCL | ||
| 008 | 140319s9999 xx 000 0 ara d | ||
| 040 |
_aGCL / _cGCL |
||
| 082 | 0 | 4 |
_aق _b348.04 _bا م |
| 100 | 1 | _aاحمد حسين | |
| 245 | 1 | 0 |
_aمرافعات الرئيس احمد حسين فى عهد حكومةالوفد / _cاحمد حسين |
| 300 | _a160 ص | ||
| 490 |
_aالهيئة العامة للاستعلامات _v0 |
||
| 650 | 0 | 4 | _aقانون المرافعات |
| 650 | 0 | 4 | _aمصر - حزب الوفد |
| 650 | 0 | 4 | _aاحمد حسين |
| 942 |
_2ddc _cBK |
||
| 999 |
_c51706 _d51706 |
||